Statistics for Books of the Bible

Click here to take the quiz!

General Stats

  • This quiz has been taken 37 times
  • The average score is 38 of 66

Answer Stats

#Book% Correct
1Genesis
100%
2Exodus
94%
3Leviticus
94%
5Deuteronomy
87%
6Joshua
87%
4Numbers
87%
7Judges
84%
8Ruth
77%
111 Kings
74%
122 Kings
74%
17Esther
74%
131 Chronicles
71%
91 Samuel
71%
142 Chronicles
71%
102 Samuel
71%
16Nehemiah
71%
66Revelation
68%
15Ezra
65%
41Mark
65%
40Matthew
65%
20Proverbs
65%
19Psalms
65%
44Acts
61%
21Ecclesiastes
61%
18Job
61%
43John
61%
42Luke
61%
45Romans
58%
65Jude
55%
461 Corinthians
52%
541 Timothy
52%
472 Corinthians
52%
552 Timothy
52%
643 John
52%
48Galatians
52%
23Isaiah
52%
24Jeremiah
52%
621 John
48%
601 Peter
48%
632 John
48%
612 Peter
48%
51Colossians
48%
27Daniel
48%
49Ephesians
48%
29Joel
48%
25Lamentations
48%
39Malachi
48%
57Philemon
48%
50Philippians
48%
30Amos
45%
58Hebrews
45%
28Hosea
45%
59James
45%
56Titus
45%
521 Thessalonians
42%
532 Thessalonians
42%
33Micah
42%
34Nahum
42%
26Ezekiel
39%
35Habakkuk
39%
32Jonah
39%
31Obadiah
39%
38Zechariah
39%
36Zephaniah
39%
37Haggai
35%
22Songs of Solomon
32%

Score Distribution

Percentile by Number Answered

Percent of People with Each Score

Your Score History

You have not taken this quiz